<?xml version="1.0" encoding="UTF-8"?>
<collection xmlns="http://www.loc.gov/MARC21/slim">
 <record>
  <leader>00599nam a22001935a 4500</leader>
  <controlfield tag="001">EHU.bham051280</controlfield>
  <controlfield tag="008">230306s1986####ag############000#0#####d</controlfield>
  <controlfield tag="005">20230306105014.0</controlfield>
  <datafield tag="245" ind1="1" ind2="0">
   <subfield code="a">Campesinos y estancieros /</subfield>
   <subfield code="c">Jorge Gelman.</subfield>
  </datafield>
  <datafield tag="260" ind1=" " ind2=" ">
   <subfield code="a">Buenos Aires :</subfield>
   <subfield code="b">Los libros del riel,</subfield>
   <subfield code="c">1986.</subfield>
  </datafield>
  <datafield tag="300" ind1=" " ind2=" ">
   <subfield code="a">333 p.</subfield>
  </datafield>
  <datafield tag="020" ind1=" " ind2=" ">
   <subfield code="a">9879628470</subfield>
  </datafield>
  <datafield tag="100" ind1="1" ind2=" ">
   <subfield code="a">Gelman, Jorge.</subfield>
  </datafield>
  <datafield tag="082" ind1="C" ind2="O">
   <subfield code="6">982.1 G283</subfield>
  </datafield>
  <datafield tag="653" ind1=" " ind2=" ">
   <subfield code="a">Colección Villar</subfield>
  </datafield>
  <datafield tag="653" ind1=" " ind2=" ">
   <subfield code="a">Historia argentina</subfield>
  </datafield>
  <datafield tag="651" ind1=" " ind2="7">
   <subfield code="a">Río de la Plata</subfield>
   <subfield code="x">siglos XVIII-XIX</subfield>
  </datafield>
  <datafield tag="653" ind1=" " ind2=" ">
   <subfield code="a">Historia agraria rioplatense</subfield>
  </datafield>
  <datafield tag="859" ind1=" " ind2=" ">
   <subfield code="a">AR-BHAM</subfield>
   <subfield code="b">BIB. HUMANIDADES - General</subfield>
   <subfield code="h">982.1</subfield>
   <subfield code="i">G283</subfield>
   <subfield code="p">116.23</subfield>
  </datafield>
 </record>
</collection>
